| 000 | 01007mam a2200277 4500 | ||
|---|---|---|---|
| 001 | 1826860 | ||
| 003 | ARRUPE | ||
| 005 | 20131023121119.0 | ||
| 008 | 850424s1965 njua 000 0 eng c | ||
| 010 | _a 65010037 //r85 | ||
| 035 | _a(OCoLC)ocm00538580 | ||
| 035 | _a(NNC)1826860 | ||
| 040 |
_aDLC/ICU _cCGU |
||
| 050 | 0 |
_aQC71 _b.C63 |
|
| 100 | 1 |
_aColodny, Robert Garland, _eeditor. _92735 |
|
| 245 | 1 | 0 |
_aBeyond the edge of certainty; _bessays in contemporary science and philosophy _c[by] Norwood Russell Hanson [and others] Editor: Robert G. Colodny. |
| 260 |
_aEnglewood Cliffs, N.J., _bPrentice-Hall _c[1965] |
||
| 300 |
_avii, 287 p. _billus. _c24 cm. |
||
| 490 | 1 |
_aUniversity of Pittsburgh series in the philosophy of science ; _vv. 2 |
|
| 650 | 0 |
_aPhysics. _92736 |
|
| 650 | 0 |
_aPhysics _xPhilosophy. _92737 |
|
| 700 | 1 |
_aHanson, Norwood Russell. _92738 |
|
| 830 | 0 |
_aUniversity of Pittsburgh series in the philosophy of science ; _vv. 2. _92739 |
|
| 942 |
_2lcc _cMONOGRAPH |
||
| 999 |
_c118398 _d118398 |
||